00773nam a2200217 a 4500008004100000100002400041245007900065260003600144300003500180440003600215504004200251538001900293650005100312650005800363650003200421650005300453650002200506003000100528005001700529040000900546 1 aAbrie, Pieter L. D.10aDesign of RF and microwave amplifers and oscillators /cPieter L.D. Abrie. aBoston :bArtech House,cc1999. axvii, 480 p. :bill. ;c24 cm. 0aArtech House microwave library. aIncludes bibliographical references . aIncludes index 0aMicrowave amplifiersxDesign and construction. 0aAmplifiers, Radio frequencyxDesign and construction. 0aElectric network synthesis. 0aOscillators, MicrowavexDesign and construction. 0aPrinted circuits.20230123133828.0 cNUST